World Health Statistics Annual 1992
Gespeichert in:
| Format: | Buch |
|---|---|
| Sprache: | Englisch Französisch |
| Veröffentlicht: |
Geneva
World Health Organization
1993
|
| Ausgabe: | 1. ed. |
| Schlagworte: | |
| Tags: |
Keine Tags, Fügen Sie das erste Tag hinzu!
|
MARC
| LEADER | 00000nam a2200000 4500 | ||
|---|---|---|---|
| 001 | c002811 | ||
| 005 | 20221214084131.0 | ||
| 020 | |a 92 4 067920 0 | ||
| 041 | 0 | |a eng | |
| 041 | 0 | |a fre | |
| 044 | |a CH | ||
| 245 | 1 | 0 | |a World Health Statistics Annual 1992 |
| 250 | |a 1. ed. | ||
| 264 | 1 | |a Geneva |b World Health Organization |c 1993 | |
| 300 | |a 398 s. |e príl. | ||
| 610 | 2 | 0 | |a zdravotníctvo |
| 610 | 2 | 0 | |a svet |
| 610 | 2 | 0 | |a 1992 |
| 610 | 2 | 0 | |a starostlivosť zdravotná |
| 610 | 2 | 0 | |a údaje štatistické |
| 610 | 2 | 0 | |a tabuľky štatistické |
| 610 | 2 | 0 | |a zariadenia zdravotnícke |